Antonio Serna (Record no. 6210)

MARC details
000 - LÍDER
campo de control de longitud fija 00791nam a2200193Ia 4500
008 - ELEMENTOS DE DATOS DE LONGITUD FIJA - INFORMACIÓN GENERAL
campo de control de longitud fija 0000001988 mX a 0000000000spa00
090 ## - NÚMERO DE LLAMADA DE TIPO LC LOCALMENTE ASIGNADO (OCLC)
Número de clasificación (OCLC) (R) PSP00 E76a
100 1# - ENTRADA PRINCIPAL - NOMBRE PERSONAL
Nombre de la persona Espinosa de los Monteros, Santiago
245 10 - TÍTULO DECLARACIÓN
Título Antonio Serna
Resto del título : flores y prisioneros
Declaración de responsabilidad / Santiago Espinosa de los Monteros
260 ## - PUBLICACIÓN, DISTRIBUCIÓN
Lugar de publicación México : Instituto Cultural Hispano Mexicano
Fecha de publicación 1988
300 ## - DESCRIPCIÓN FÍSICA
Alcance 1 plegable [4] p.
Dimensiones / 28 cm.
500 ## - NOTA GENERAL
Nota general Instituto Cultural Hispano Mexicano, México, Mayo 11, 1988 \ Con el patronazgo del maestro venezolano Jesús Rafael Soto (q.e.p.d.) \
600 00 - ENTRADA DE SUJETO AÑADIDO - NOMBRE PERSONAL
Nombre de la persona SERNA, ANTONIO, 1936/
Subdivisión general TRABAJOS PICTORICOS
650 14 - ENTRADA DE SUJETO AÑADIDO - TÉRMINO TÓPICO
Término tópico o elemento de entrada del nombre geográfico ARTE CONTEMPORANEO ESPAÑOL
650 14 - ENTRADA DE SUJETO AÑADIDO - TÉRMINO TÓPICO
Subdivisión general CATALOGOS
650 14 - ENTRADA DE SUJETO AÑADIDO - TÉRMINO TÓPICO
Subdivisión general EXPOSICIONES
650 14 - ENTRADA DE SUJETO AÑADIDO - TÉRMINO TÓPICO
Término tópico o elemento de entrada del nombre geográfico PINTORES ESPAÑOLES
650 14 - ENTRADA DE SUJETO AÑADIDO - TÉRMINO TÓPICO
Término tópico o elemento de entrada del nombre geográfico PINTURA ESPAÑOLA
Holdings
Estado de retirada Pérdida de estatus Estado dañado No para préstamo Código de recogida Ubicación permanente Ubicación actual Ubicación de las estanterías Fecha de adquisición Número de llamada completo Código de barras Fecha de la última vez que se vio Número de copia Precio efectivo desde Tipo de artículo Koha
        General ArtNexus ArtNexus General 06/09/2022 P-SP-00 E76A 6214 06/09/2022 Ej.1 06/09/2022 Libro

Powered by Koha